[Event "Olympiad-42"]
[Site "Baku"]
[Date "2016.09.05"]
[Round "4.1"]
[White "Smerdon, David"]
[Black "Carlsen, Magnus"]
[Result "1/2-1/2"]
[WhiteElo "2531"]
[BlackElo "2857"]
[Annotator "Meyer,Claus Dieter"]
[PlyCount "51"]
[EventDate "2016.09.02"]
[EventType "team-swiss"]
[EventRounds "11"]
[EventCountry "AZE"]
[SourceTitle "CBM 175"]
[Source "ChessBase"]
[SourceDate "2016.11.10"]
[SourceVersion "1"]
[SourceVersionDate "2016.11.10"]
[SourceQuality "1"]
[WhiteTeam "Australia"]
[BlackTeam "Norway"]
[WhiteTeamCountry "AUS"]
[BlackTeamCountry "NOR"]

{SPIEL MIT DEM FEUER In der 4. Runde der Schacholympiade, im Match Australien vs Norwegen, provoziert Weltmeister Magnus Carlsen in seiner Partie gegen GM David Smerdon mit einem tollkühnen Bauernraub einen höchstgefährlichen Königsangriff. Angesichts komplizierter und spannender Verwicklungen greifen dann beide Seiten in der kritischen Phase daneben, so dass sich am Ende insbesondere der Champ mit der Punkteteilung glücklich schätzen kann.} 1. e4 c5 2. c3 d5 3. exd5 Qxd5 4. d4 Nf6 5. Nf3 e6 6. Na3 (6. Bd3 Nc6 7. O-O Be7 8. Be3 cxd4 9. cxd4 O-O 10. Nc3 Qd6 11. a3 b6 12. Qe2 Bb7 13. Rad1 Rad8 14. Rfe1 Qb8 15. Bb1 Rfe8 16. h3 g6 17. Bc1 Rc8 18. Ng5 Nd8 19. Ba2 Qa8 20. Qd3 Nd5 21. Qg3 Nf6 $2 (21... Nxc3 $142 22. bxc3 Bd5) 22. Qh4 h5 23. Qg3 $40 {+/-, 1:0/34, Smerdon,D (2498)-Croad,N (2282), England 2013}) 6... Qd8 (6... a6 7. Nc4 Nbd7 8. a4 cxd4 9. Qxd4 Bc5 10. Qxd5 exd5 11. Ne3 O-O {remis/32, Smerdon,D (2513)-David,A (2565), Tromso 2014}) 7. Nc4 ({Häufiger geschieht} 7. Nc2 {, z.B.} Nbd7 8. Bd3 Qc7 (8... Be7)) 7... Be7 (7... Nc6 8. Nce5 cxd4 9. Bb5 Qd5 10. c4 $5) 8. Be3 cxd4 9. Qxd4 ({Das wirkt recht friedfertig und betritt unerforschtes Neuland; noch bekannt ist} 9. Nxd4 Nd5 (9... O-O) 10. Bd2 O-O 11. Bd3 Bf6 {mit etwa gleichen Chancen.}) ({RR} 9. Nxd4 O-O 10. Bd3 Nd5 11. Qc2 h6 12. O-O-O Nxe3 13. Nxe3 Qa5 14. Kb1 Nc6 15. Nxc6 bxc6 16. Nc4 Qc5 17. Rhe1 Bf6 18. f4 a5 19. g4 a4 20. h4 Bxh4 21. Rh1 Ba6 22. Ne5 Qf2 23. Bxa6 Rxa6 {Garcia Pantoja,R (2531)-Terao,J (2229) Foz do Iguacu BRA 2025 1-0}) 9... O-O 10. O-O-O Nd5 11. Qg4 $146 {Nun ist (früher) Damentausch vorübergehend kein Thema, und die Stellung wird angesichts der heterogenen Rochaden rasch kampfbetonter und zweischneidiger.} ({RR} 11. Qd2 Nxe3 12. Qxe3 Qc7 13. Bd3 Nd7 14. h4 b5 15. Nce5 Nxe5 16. Qxe5 Qxe5 17. Nxe5 Bb7 18. Bxb5 Bxg2 19. Rh2 Be4 20. f3 Bf5 21. Rd7 Bc5 22. b4 Be3+ 23. Kb2 Rfd8 24. Re2 Rxd7 25. Nxd7 Bf4 {Silva,A (1975)-Rodriguez Lopez,R (2171) Maia POR 2024 ½-½ (84)}) ({RR} 11. Qd2 Nxe3 12. Qxe3 Qc7 13. Bd3 Nd7 14. h4 b5 15. Nce5 Nxe5 16. Qxe5 Qxe5 17. Nxe5 Bb7 18. Bxb5 Bxg2 19. Rh2 Be4 20. f3 Bf5 21. Rd7 Bc5 22. b4 Be3+ 23. Kb2 Rfd8 24. Re2 Rxd7 25. Nxd7 Bf4 {Silva,A (1975)-Rodriguez Lopez,R (2171) Maia POR 2024 ½-½ (84)}) 11... Nxe3 ({Interessante und ebenso unklare Alternativen: I} 11... Nd7 12. Bh6 Bf6 13. Bd3 b5 (13... Nc5 14. Bc2 Qc7 15. Ne3) 14. Ne3 Nc5 15. Bc2 Bb7) ({II} 11... Qc7 12. Qg3 $5) ({III} 11... b5 $5 12. Nce5 Nxe3 13. fxe3 Qb6) 12. fxe3 Qc7 13. Bd3 Nd7 14. Qf4 $5 Qc5 ({Da} 14... Qxf4 15. exf4 {ihm wenig bis gar nichts gäbe, sucht Carlsen mit ausweichenden Damenmanövern sein Heil in waghalsigen Verwicklungen.}) 15. b4 $5 Qc6 16. Nd4 $5 {Nach anfänglichem Respekt vor seinem großen Gegner wittert der rauflustige australische Taktiker seine Chance und bietet ein giftiges Bauernopfer an, dessen waghalsige Annahme eigentlich kaum zu erwarten ist ...} (16. Kb2 $13 {/=}) 16... Qxg2 $6 {Der Champion, "den hier offenbar der Schachteufel reitet", spielt va banque! Trotz der Furcht einflößenden Öffnung der g-Linie vertraut Carlsen auf seine Verteidigungsressourcen und Künste, und nicht zuletzt darauf, dass nun ja auch sein Gegner etwas beweisen muss. Indes stellen die resultierenden messerscharfen und komplexen Verwicklungen äußerst hohe Ansprüche an die Kombattanten!} ({Alternativen: I Am ehesten kam m. E. die Ablehnung} 16... Qd5 $13 {/= in Betracht. Allerdings stünde die Dame nach} 17. Nf3 {weiterhin auch ungemütlich, z,B.:} Qc6 (17... g6 $6 18. h4 $1 $40 (18. Bxg6 $4 fxg6 19. Rxd5 exd5 $17)) 18. Kb2 $5 (18. Nd4 Qd5 19. Nf3 Qc6 {mit Stellungswiederholung} (19... Qb5 20. Nd4)) 18... Nb6 19. Nxb6 Qxb6 $13 {/=}) ({II} 16... Qa6 $6 {wirkt nicht gerade Vertrauen erweckend:} 17. Kb2 g6 (17... b5 $2 18. Na5 $1 (18. Qe4 $4 f5 $1 19. Qxe6+ (19. Qxa8 bxc4 20. Nc6 Bf6) 19... Qxe6 20. Nxe6 bxc4 21. Nxf8 (21. Bxc4 $2 Nb6 22. Bb3 Bxe6 23. Bxe6+ Kh8) 21... cxd3 22. Nxd7 Bxd7 23. Rxd3 Be6) 18... e5 19. Qe4 Nf6 20. Qxe5 $18 (20. Qxa8 exd4 21. exd4 $18)) 18. h4 (18. a4 Nb6 19. Nxb6 Qxb6 20. a5 Qd6 (20... Qd8 21. Be4) 21. Qxd6 Bxd6 22. Nb5 Be7 23. Be4 $14) 18... b5 19. Ne5 Bd6 20. Bxb5 Bxe5 (20... Qb7 $143 21. Bxd7 $1 Bxd7 22. Qf3 $16) 21. Bxa6 Bxf4 22. Bxc8 Rfxc8 23. exf4 Nb6 24. Kb3 $14) 17. Rhg1 {Dieser Turm wartet mit trickreichen Manövern auf.} Qh3 ({Freilich nicht} 17... Qxa2 $4 {wegen} 18. Rxg7+ Kxg7 19. Rg1+ Kh8 20. Qh6 $18 {nebst unparierbarem Matt (} Qa1+ 21. Kd2 Qa2+ 22. Nc2 {)}) 18. Rg3 {Strebt geschickt die Turmverdopplung an und verlangt dem Gegner "höllische Wachsamkeit" ab!} Qh4 $2 {Damit sollte Carlsens tollkühner Schlingerkurs aber voll danebengehen!} ({Selbstverständlich scheitert 18...xh2?? an 19.xg7+, indes war} 18... Qh5 $142 $8 {erforderlich, worauf nach dem weiteren} 19. Rdg1 (19. Be2 $2 Qh4 {, denn nun wäre nach Damentausch nebst h3 der Punkt h7 nicht mehr doppelt bedroht.}) 19... g6 {der Tanz mit dem folgenden Springeropfer erst richtig losgeht:} (19... Bf6 $4 20. Be2 e5 21. Qf2 Qh6 22. Nf5) 20. Nxe6 $3 {und nun:} Ne5 $8 {der einzig spielbare Zug!} (20... fxe6 $2 21. Bxg6 hxg6 22. Rxg6+ Kh7 23. Rg7+ Kh8 24. Qg3 Nf6 25. Rxe7 Rg8 26. Rg7 Bd7 27. Ne5 $18 Bb5 28. Qh4 (28. Qf4 Rxg7 29. Qxf6) 28... Rxg7 29. Qxf6 Rag8 30. Ng6+ Kh7 31. Nf8+ Kh8 32. Rg4 $1 {mit dem Plan h4+-}) 21. Nxe5 Bxe6 22. Rg5 $8 {! Diese Finesse, wonach die schwarze Dame in die Zange genommen wird, muss schon entkorkt werden.} Bxg5 (22... Qh3 23. Nxg6 hxg6 24. Rxg6+ fxg6 25. Rxg6+ Kh8 26. Rh6+ Kg7 27. Rg6+ (27. Rxh3 $4 Rxf4) 27... Kh8 28. Rh6+ $11) 23. Rxg5 Qh3 $142 (23... Qh6 24. Rxg6+ Qxg6 25. Nxg6 fxg6 (25... hxg6 26. Qh6 Rfe8 27. h4 $1 Rac8 (27... Rad8 $143 28. Bb5 Bd7 29. h5 $1) 28. h5 Rxc3+ 29. Kd2 Rc7 30. hxg6 fxg6 31. Qxg6+ Kf8 32. Qf6+ Kg8 33. a3 $14) 26. Qe4 Bxa2 27. Qxb7 $14) 24. Rg3 Qh5 25. Rg5 Qh3 $11 {mit forcierter Stellungswiederholung wäre ein sehr ausgeklügeltes Finale gewesen.}) 19. Qxh4 Bxh4 20. Rh3 Bg5 ({Oder: I} 20... Be7 21. Bxh7+ Kh8 22. Nf3 $1 $16 {Hier eine Art Patentzug, den wir hinter den Kulissen wiederholt antreffen werden. Weiß macht seine d-Linie frei und spekuliert auf d6 (ggf. ce5), während Schwarz sowohl unter seiner unsicheren Königsstellung als auch unter seinem unterentwicklten Damenflügel (c8) schwer laboriert.} a5 $5 {mag noch am zähesten sein:} (22... Rb8 23. Kb2 a6 24. Nd6 Bxd6 (24... Nf6 $143 25. Ng5 Bxd6 26. Rxd6 Bd7 27. Rd4 $1 g6 28. Nxf7+ Rxf7 29. Bxg6+ Kg7 30. Bxf7 Kxf7 31. Rh6 e5 32. Rxf6+ Kxf6 33. Rxd7 $18) 25. Rxd6 g6 26. Bxg6+ Kg7 27. Be4 $16) (22... Nb6 $2 23. Nce5 $1 Nd5 24. Rg1 Rb8 25. Ng4 g5 (25... g6 26. Bxg6+ Kg7 27. Be4 $18) 26. Bc2+ Kg8 27. c4 Nxb4 28. Rh7 $1 f5 (28... Nxc2 29. Nxg5 $18) 29. Rxe7 fxg4 30. Bh7+ Kh8 31. Ne5 Rf6 32. Rd1 $18) 23. b5 $1 (23. Be4+ $5 Kg8 24. Bxb7 Ra7 $1 25. Nxa5 Nf6 26. Bc6 Bd8 27. Nc4 Rxa2 28. Rd2 Rxd2 29. Kxd2 $16) 23... Ra7 24. b6 Ra8 25. Nd6 Bxd6 26. Rxd6 g6 27. Bxg6+ Kg7 28. Be4 $16 {mit großem Endspielvorteil}) ({II} 20... Bf6 21. Bxh7+ Kh8 22. Nf3 $1 Nb6 $2 (22... Be7 23. Be4+ Kg8 24. Bxb7 {wie gehabt}) (22... Bxc3 23. a3 $1 Bf6 24. Nd6 a5 25. b5 a4 (25... e5 26. Bc2+ Kg8 27. Nxc8 $18) 26. Kb1 $1 Ra5 27. Ka2 g6 (27... Ra8 28. Nxc8 Raxc8 29. Rxd7 $18) 28. Bxg6+ Kg7 29. Be4 Rh8 30. Rxh8 Kxh8 31. Rc1 Nb6 32. Nxc8 (32. Rc7) 32... Rxb5 33. Nd4 $18) 23. Nce5 $1 Nd5 (23... Bxe5 24. Nxe5 $18 g6 25. Bxg6+ Kg7 26. Rg1 Kf6 27. Nxf7) 24. c4 (24. Ng4 Bxc3 25. Bd3+ Kg8 26. Nh6+ gxh6 27. Rg1+ Bg7 28. Rhg3 $18) 24... Nxe3 25. Nxf7+ $1 Rxf7 26. Ne5 $18) ({III} 20... g5 $2 21. Rg1 Kh8 22. Bxh7 $1 e5 23. Bc2 Nb6 (23... Nf6 24. Bf5 exd4 (24... Nh7 25. Nxe5 $18) 25. Rxg5 Bxf5 26. Rxf5 $18) (23... exd4 24. Rxg5 $18) 24. Nf5 f6 (24... Bxf5 25. Bxf5 f6 26. Nxe5 $18) 25. Nxe5 $18) 21. Rg1 $2 ({Womit der Kelch knapp an den Weltmeister vorübergegangen ist! Ebenso wie er übersieht der sonst so erfolgreiche australische Taktiker - die für ihn schmeichelhafte Punkteteilung in Reichweite -, dass Weiß nach dem korrekten} 21. Bxh7+ $142 Kh8 {Gewinn verheißenden Angriff erhält.} {Oder} 22. Bc2+ {, was unter Zugumstellung zur vorigen Variante führt:} (22. Nf3 $1 $40 {Die nachhaltige Stärke dieses Springerzuges, von meinen Silikon-Freunden schnell errechnet, blieb unseren Protagonisten offenbar verborgen. Man sehe:} {Nach} Be7 {erhält Weiß großen Endspielvorteil:} (22... Bh6 23. Bc2 $1 a5 (23... Kg8 24. Rg1 Kh8 25. Nd6 a5 26. Rd1 Nf6 (26... Kg8 27. Nxc8 $18 Raxc8 28. Rxd7 Rxc3 29. Kd2) 27. Ne5 Bd7 28. Ndxf7+ Kg8 (28... Rxf7 29. Nxf7+ Kg8 30. Nxh6+ gxh6 31. Rxh6 $18) 29. Nxh6+ gxh6 30. Rg1+ Kh8 31. Rxh6+ Nh7 32. Rxh7#) (23... e5 24. Nd6 Nf6 (24... e4 25. Bxe4 Nf6 26. Bf5 $18) 25. Bf5 $1 $18 Bxf5 (25... Be6 26. Bxe6 fxe6 27. Nxe5) 26. Nxf5 Rfe8 27. Rg1) 24. Nd6 Kg8 25. Nxc8 Rfxc8 26. Rxd7 Rxc3 27. Kd2 Rxe3 (27... Ra3 28. Nd4 Rxa2 29. bxa5 R2xa5 30. Rf3 Rf8 31. Bb3 Ra6 32. Rxb7 $18) 28. Rxh6 Rxf3 29. Bh7+ Kf8 30. Rh4 axb4 31. Bc2 $18) (22... b5 $4 23. Nxg5 bxc4 24. Be4+) (22... f6 $4 23. Nxg5 fxg5 24. Bf5+ Kg8 25. Bxe6+ $18) (22... Bf6 23. Nd6 $18 {, z.B.} Nb6 24. Bg6+ Kg8 25. Ne5 $1 Bxe5 26. Bh7+ Kh8 27. Nxf7+ Rxf7 28. Rd8+ Rf8 29. Rxf8#) 23. Nd6 (23. Be4+ Kg8 24. Bxb7 Bxb7 25. Rxd7 Bxf3 (25... Bd5 26. Rxe7 Bxc4 27. Ne5 Bxa2 28. Kb2 Bd5 29. c4 Bh1 30. b5 $18) 26. Rxf3 Bf6 27. Kc2 $16) 23... Nb6 24. c4 Bxd6 25. Rxd6 g6 26. Bxg6+ Kg7 27. Bd3 $16) 22... Kg8 (22... Bh6 23. Nd6 a5 24. Nf3 {etc. +- siehe nachstehend}) 23. Nf3 $1 Be7 (23... Bf6 24. Bh7+ Kh8 25. Nd6 {+-, siehe nachstehend}) (23... Bh6 24. Rg1 {etc. +- siehe nachstehend}) 24. Bh7+ Kh8 25. Be4+ Kg8 26. Bxb7 {etc. +- siehe nachstehend}) 21... h6 $11 {Ebenso erzwungen wie der folgende Remisschluss.} 22. Rxg5 hxg5 23. Bh7+ Kh8 24. Bd3+ Kg8 25. Bh7+ Kh8 26. Bd3+ 1/2-1/2

[Event "Olympiad-42"]
[Site "Baku"]
[Date "2016.09.08"]
[Round "6.1"]
[White "Carlsen, Magnus"]
[Black "Sadorra, Julio Catalino"]
[Result "1/2-1/2"]
[WhiteElo "2857"]
[BlackElo "2560"]
[Annotator "Sadorra,Julio"]
[PlyCount "82"]
[EventDate "2016.09.02"]
[EventType "team-swiss"]
[EventRounds "11"]
[EventCountry "AZE"]
[SourceTitle "CBM 175"]
[Source "ChessBase"]
[SourceDate "2016.11.10"]
[SourceVersion "1"]
[SourceVersionDate "2016.11.10"]
[SourceQuality "1"]
[WhiteTeam "Norway"]
[BlackTeam "Philippines"]
[WhiteTeamCountry "NOR"]
[BlackTeamCountry "PHI"]

{This was both the most important and enjoyable game that I've ever played so far in my professional career since I became a grandmaster. Fortunately for me and my team, there was a rest day before this match so we had ample time to prepare and relax. Without further ado, let's see how my prep and the game played out.} 1. e4 e6 2. Nf3 {A surprise, taking me out of the prep work.} d5 3. exd5 $5 {This next one is also unexpected but it didn't affect me that much.} exd5 4. d4 Bd6 5. c4 Nf6 6. c5 $5 {Taking the game to non-standard paths. "You have to know theory to play no-theory."} Be7 7. Nc3 O-O ({Maybe a better try is} 7... b6 {right away} 8. cxb6 (8. b4 $2 a5) 8... axb6 9. Bd3 O-O 10. O-O c5 {leading to a complex middlegame where Black has good central control.}) 8. Be3 $1 {Accurate, making b4 work.} ({RR} 8. Be2 Nc6 9. O-O Ne4 10. Bf4 a6 11. Qb3 Na5 12. Qc2 Bf5 13. Bd3 Nc6 14. a3 Bf6 15. Rad1 Bg4 16. Nxe4 Bxf3 17. gxf3 dxe4 18. Bxe4 Nxd4 19. Qc4 Qd7 20. Rd2 Rad8 21. Rfd1 Rfe8 22. Kh1 Qh3 {Nepomniachtchi,I (2770)-Abdusattorov,N (2769) chess.com INT 2024 ½-½ (77)}) ({RR} 8. h3 b6 9. Be3 Ne4 10. Rc1 Bf6 11. Bd3 Re8 12. O-O bxc5 13. dxc5 Nxc3 14. bxc3 Nc6 15. Bb5 Re6 16. c4 d4 17. Bxc6 Rxc6 18. Bxd4 Bxd4 19. Nxd4 Rg6 20. Nc6 Qf6 21. Qd5 Bb7 22. Ne7+ Qxe7 {Terrieux,K (2395)-Jackson,T (2161) Rochefort FRA 2025 ½-½ (35)}) 8... b6 9. b4 a5 10. a3 Ng4 $146 {Asking him questions before he gets to play natural moves & complete development.} ({RR} 10... Bg4 11. Be2 axb4 12. axb4 Rxa1 13. Qxa1 Nc6 14. Qa4 Qa8 15. Ne5 Nxe5 16. dxe5 Ne4 17. Bxg4 Nxc3 18. Qxa8 Rxa8 19. O-O bxc5 20. bxc5 Ra4 21. Bd7 Ra5 22. e6 Kf8 23. Re1 fxe6 24. c6 Bc5 25. Bd2 {Fogarasi,T (2367)-Berczes,D (2478) Budapest 2019 0-1 (37)}) 11. Bf4 Re8 $1 ({My intial intention was} 11... axb4 {but after checking} 12. axb4 Rxa1 13. Qxa1 Re8 {I realised that this does not work due to} 14. Bb5 $1 c6 15. Be2 $16 {[%csl Rb8]}) 12. Be2 axb4 13. axb4 ({I also had to check} 13. Nb5 {but I thought I was fine as soon as I saw the useful tactics} Ba6 14. Nxc7 (14. Bxc7 Qd7) 14... Bh4 $1 15. Nxe8 Nxf2 {should at least give me good counterplay in this complex position.}) 13... Rxa1 14. Qxa1 bxc5 ({Otherwise, I will get squeezed on the queenside! e.g.} 14... Nc6 15. Qa4 $1) 15. bxc5 Bxc5 $1 16. dxc5 d4 17. O-O dxc3 18. Bc4 $1 {Played quickly, suggesting that he foresaw or expected all this.} c2 $1 19. Qa4 Bf5 {Keeping my passed pawn will put him under pressure, so when I saw I could work it out concretely, I went for it!} 20. Nd4 ({Of course the premise on which my idea was based was} 20. Bxc7 Qd7 21. Bb5 Qxc7 22. Bxe8 Qxc5 23. Qf4 (23. Qa1 Nxf2 $1 $19) 23... Nxf2 24. Nd4 Nd3 {and I thought I should be winning here.}) 20... Bg6 21. Nxc2 {Now that he's won back his pawn, I try to take away one of his trumps - the bishop pair.} Re4 22. Bg3 Ne5 23. Bxe5 Rxe5 24. Ne3 $5 ({I thought another possible move was} 24. Nd4 $5 {but it's difficult to work out the significant difference otb.}) ({If he played} 24. c6 {I was preparing to hold the balance with either} Rc5 ({or} 24... Qe8 $5) 25. Nd4 h6 $11 {and I felt that White is actually the one who had to be more careful as his c6-pawn will be weak till the endgame.}) 24... Rxc5 25. f4 h6 26. Qb4 Nd7 $1 {"You can't bluff me!"} 27. f5 ({Players could be put off by the pin after} 27. Rd1 {but I foresaw a simple but important counter-attacking idea} Qe8 $1) 27... Bh5 28. Qd2 ({The consequences of} 28. g4 Qg5 {are difficult to work out otb but I knew for sure that it's riskier for White as his king is more exposed, not to mention the fact that he's already a pawn down...}) 28... Qg5 29. Qd4 Re5 30. Qxd7 Qxe3+ 31. Kh1 Qc5 ({A better try was} 31... Qc3 {as Magnus correctly pointed out after the game} 32. Qxc7 Kh7 $1 {and the pin is decisive.}) 32. Qd3 Re3 33. Qc2 Qe5 (33... Qd4 34. Rc1) 34. Qd2 $1 Kh7 35. h3 {Around this time, I only had a few minutes left and it was annoying that I couldn't find a clear way to break through the defence and increase my advantage. In retrospect, I can now say from experience that World Champs indeed possess great defensive skills including the current one!} Qe4 36. Kg1 c6 $5 {Preventing d5 and an attempt to keep the position under control but Magnus keeps playing the best defensive moves.} (36... f6 $142 $1 37. Qd8 Be8 38. Qxc7 Bc6 39. Rf2 Qxc4 $19) 37. Rc1 $1 Qe5 38. Bf1 Rg3 39. Qf2 Qd6 ({With only a minute on the clock, I was thinking about} 39... Bf3 {but realised it loses to} 40. Re1 $1 (40. Rc3 Qxc3 41. Qxg3 Qd4+ $19) 40... Qd6 41. Re3 $18 {and suddenly it's White that wins!}) 40. Rc4 f6 41. Rxc6 {With nothing to play for, Magnus offered a draw and I agreed.} Qxc6 {Although I was disappointed in not converting my advantage, I had every reason to be happy to achieve a fighting draw against the World Champion and to help my team pull an upset 2-2 against the formidable Norwegian team!} 1/2-1/2

[Event "Olympiad-42"]
[Site "Baku"]
[Date "2016.09.09"]
[Round "7.1"]
[White "Solak, Dragan"]
[Black "Carlsen, Magnus"]
[Result "0-1"]
[WhiteElo "2635"]
[BlackElo "2857"]
[Annotator "Pavlovic,Milos"]
[PlyCount "78"]
[EventDate "2016.09.02"]
[EventType "team-swiss"]
[EventRounds "11"]
[EventCountry "AZE"]
[SourceTitle "CBM 175"]
[Source "ChessBase"]
[SourceDate "2016.11.10"]
[SourceVersion "1"]
[SourceVersionDate "2016.11.10"]
[SourceQuality "1"]
[WhiteTeam "Turkey"]
[BlackTeam "Norway"]
[WhiteTeamCountry "TUR"]
[BlackTeamCountry "NOR"]

1. e4 d6 2. d4 g6 3. Nc3 Bg7 4. Nf3 a6 {The Pirc is very popular among players who are playing only to win even with Black. This particular setup that the World Chamion is using gives Black additional ways of handling this position. Playing in a flexible way Black is hoping to get some good versions of usual Pirc positions.} 5. Be2 Nf6 6. O-O O-O 7. Re1 {White has opted for a classical setup.} Nc6 $5 {Another interesting provocative move.} (7... b5 8. e5 $1 Nfd7 9. a4 b4 10. Nd5 Nc6 11. Bg5 h6 12. Bh4 g5 13. Bg3 e6 14. Ne3 dxe5 15. d5 Nd4 16. dxe6 fxe6 17. Nd2 Bb7 18. Bc4 Nb6 19. Ba2 Nd5 20. Ndc4 $44 {1-0 (125) Malakhov,V (2694)-Morozevich,A (2711) Moscow (blitz) 2015}) 8. d5 {Another recent game saw:} (8. h3 e5 9. Be3 exd4 10. Nxd4 Bd7 11. Bf1 Re8 12. Nxc6 Bxc6 13. Bd4 b5 14. a3 Bb7 15. f3 c5 16. Bf2 Qc7 17. Qd2 Rad8 18. Rad1 h6 19. Bg3 Qb6 20. Kh1 d5 21. exd5 Rxe1 22. Qxe1 Nxd5 23. Nxd5 Rxd5 $11 {1-0 (59) Wang Hao (2717)-Mamedov,R (2650) Huai'an (blitz) 2016}) 8... Na7 $5 {As far as I know Nepomniachtchi was, or still is, Carlsen's second, so I am not surprised to see Carlsen using such an unusual retreat.} 9. h3 ({RR} 9. Bg5 h6 10. Be3 b5 11. a3 Bb7 12. Qd2 Kh7 13. Rad1 c6 14. Bxa7 Rxa7 15. dxc6 Bxc6 16. e5 Ne8 17. Qe3 Rb7 18. Nd4 Bd7 19. Bf3 Rc7 20. exd6 exd6 21. Nd5 Rc5 22. c3 Nf6 23. Nxf6+ Qxf6 {Kramnik,V (2808)-Carlsen,M (2832) Stavanger 2017 ½-½ (72)}) 9... b5 $5 (9... c6 10. Bf1 Nb5 11. Na4 Nd7 12. c4 Nc7 13. Nc3 Nc5 14. Nd4 cxd5 15. exd5 e5 16. dxe6 N5xe6 17. Be3 d5 18. Nxe6 Bxe6 19. Bb6 Qd6 20. Bxc7 Qxc7 21. Nxd5 Qc5 22. Qd2 Rad8 23. Rad1 Rd7 24. b4 Qc6 25. Rxe6 Qxe6 26. Nf6+ Bxf6 27. Qxd7 {½-½ (65) Malakhov,V (2694)-Nepomniachtchi,I (2705) Moscow (blitz) 2015. White is better.}) 10. Bf1 ({RR} 10. a3 Bb7 11. Bg5 h6 12. Be3 c6 13. dxc6 Nxc6 14. Qd2 Kh7 15. Bd3 Rc8 16. a4 b4 17. Nd5 Nxd5 18. exd5 Nb8 19. Bd4 Nd7 20. Bxg7 Kxg7 21. Qxb4 Bxd5 22. Bxa6 Rxc2 23. Nd4 Rc5 24. Bf1 Ba8 {Ramoutar,A (2313)-Tan,J (2413) Budapest HUN 2025 0-1 (68)}) 10... Bb7 11. a4 $146 {I am not very fond of this move, because the knight on a2 doesn't look as good as its counterpart on a7; obviously the knight on a7 has many more potential manoeuvres available to it.} (11. Bf4 c6 12. dxc6 Nxc6 13. a4 b4 14. Nd5 Nd7 {Black is fine again, this is reminiscent of Sicilian Dragon positions.}) ({RR} 11. a3 c6 12. Bf4 cxd5 13. exd5 Nc8 14. Nd4 Nxd5 15. Nxd5 Bxd5 16. Nxb5 Bb7 17. Nc3 Nb6 18. Qd2 Rc8 19. Bh6 Nc4 20. Bxc4 Rxc4 21. Bxg7 Kxg7 22. Re2 Qc7 23. Rae1 Re8 24. Re3 Kg8 25. b3 Rc5 {Tregubov,P (2539)-Gatterer,F (2165) Chess.com INT 2022 1-0 (49)}) ({RR} 11. a3 c6 12. Bf4 cxd5 13. exd5 Nc8 14. Nd4 Nxd5 15. Nxd5 Bxd5 16. Nxb5 Bb7 17. Nc3 Nb6 18. Qd2 Rc8 19. Bh6 Nc4 20. Bxc4 Rxc4 21. Bxg7 Kxg7 22. Re2 Qc7 23. Rae1 Re8 24. Re3 Kg8 25. b3 Rc5 {Tregubov,P (2539)-Gatterer,F (2165) Chess.com INT 2022 1-0 (49)}) 11... b4 12. Na2 a5 13. c4 (13. c3 c5 14. Nd2 Nc8 15. Nc4 Nb6 {Black is fine.}) 13... e6 {Somehow already I don't see any particular problems for Black.} 14. Bg5 h6 15. Be3 Re8 16. Bd3 exd5 17. exd5 c6 18. dxc6 Nxc6 {Now we see that the knight from a7 is back while the knight on a2 is out of play.} 19. Nc1 Nd7 20. Qc2 Qf6 21. Rb1 Nce5 22. Nxe5 Nxe5 23. Be2 d5 $17 24. cxd5 Bxd5 {Black is controlling all aspects of the game.} 25. Nb3 Rac8 26. Nc5 {White has had a problem all through the game with the knight on a2. Finally it has come out but only to be lost on the c5-square.} Bf8 27. Rbc1 Bxc5 28. Bxc5 Qg5 29. g3 Nd7 30. h4 Qd8 31. Bb5 Rxe1+ 32. Rxe1 Rxc5 $19 33. Qd2 h5 34. Qd4 Qf6 35. Qe3 Bc6 36. Qe8+ Nf8 37. Qc8 Rc2 38. Bxc6 Qxf2+ 39. Kh1 Qxe1# 0-1